| 000 | 00628nam a2200205 i 4500 | ||
|---|---|---|---|
| 001 | 189116 | ||
| 003 | ES-MaACL | ||
| 005 | 20230906223401.0 | ||
| 008 | 190401s1970 ag |||| | spa d | ||
| 100 | 1 |
_aZeitlin, Irving M. _9166757 |
|
| 245 | 1 | 0 |
_aIdeología y teoría sociológica / _cIrving Zeitlin. |
| 260 |
_aBuenos Aires : _bAmorrortu, _c[1970] |
||
| 300 |
_a366 p. ; _c23 cm. |
||
| 490 | 1 | _aBiblioteca de sociología | |
| 504 | _aReferencias bibliográficas. | ||
| 650 | 4 |
_aSociología- _vHistoria. _917200 |
|
| 830 | 0 |
_aBiblioteca de sociología _9179787 |
|
| 852 |
_aES-MaACL _jL-32281 |
||
| 999 |
_c189116 _d189116 |
||